| 000 | 00457nam a22001577a 4500 | ||
|---|---|---|---|
| 003 | SISC | ||
| 005 | 20170119150624.0 | ||
| 008 | 150528b xxu||||| |||| 00| 0 eng d | ||
| 020 | _a9781121262379 | ||
| 050 |
_aHD 31 _b.P957 2011 |
||
| 245 | _aPrinciples of management and organization / | ||
| 260 |
_aPhilippines : _bMcGraw-Hill Companies, Inc., _c2011. |
||
| 300 |
_a260 pages : _billustrations ; _c26 cm. |
||
| 650 | _aManagement. | ||
| 942 |
_2lcc _cBK _kLOC |
||
| 999 |
_c284499 _d284499 |
||